Central Library OPAC University of Rajshahi

The ascendancy of France, 1598-1715. (Record no. 26272)

MARC details
000 -LEADER
fixed length control field 00893nam a2200289 4500
001 - CONTROL NUMBER
control field 26272
003 - CONTROL NUMBER IDENTIFIER
rucl marc code BD-RjUL
005 - DATE AND TIME OF LATEST TRANSACTION
control field 20211209051007.0
008 - FIXED-LENGTH DATA ELEMENTS--GENERAL INFORMATION
fixed length control field 140320s1965 enka 001 0 eng d
035 ## - SYSTEM CONTROL NUMBER
System control number (OCoLC)ocm01115906
System control number (BD-RjUL)26342
040 ## - CATALOGING SOURCE
Original cataloging agency RIU
Transcribing agency RIU
Modifying agency UKM
-- ZCU
-- BD-RjUL
Language of cataloging eng
041 ## - LANGUAGE CODE
Language code of text/sound track or separate title eng
082 04 - DEWEY DECIMAL CLASSIFICATION NUMBER
Classification number 940.24
Edition number 18
Author mark and year WAA 1965
100 1# - MAIN ENTRY--PERSONAL NAME
Personal name Wakeman, Henry Offley,
Dates associated with a name 1852-1899.
9 (RLIN) 80777
245 14 - TITLE STATEMENT
Title The ascendancy of France, 1598-1715.
Statement of responsibility, etc. Henry Offley Wakeman.
260 ## - PUBLICATION, DISTRIBUTION, ETC. (IMPRINT)
Place of publication, distribution, etc. London :
Name of publisher, distributor, etc. Rivingtons,
Date of publication, distribution, etc. 1965.
300 ## - PHYSICAL DESCRIPTION
Pagination xi, 394 p. :
Illustrations maps (part col.)
Size 19 cm.
490 1# - SERIES STATEMENT
Series statement Periods of European history ;
Volume/sequential designation period 5
504 ## - BIBLIOGRAPHY, ETC. NOTE
Bibliography, etc Includes index.
651 #0 - SUBJECT ADDED ENTRY--GEOGRAPHIC NAME
Geographic name Europe
General subdivision History
Chronological subdivision 17th century.
9 (RLIN) 45540
830 #0 - SERIES ADDED ENTRY--UNIFORM TITLE
Volume number/sequential designation period 5.
Uniform title Periods of European history ;
942 ## - ADDED ENTRY ELEMENTS (KOHA)
Source of classification or shelving scheme Dewey Decimal Classification
Koha item type Books
Holdings
Lost status Source of classification or shelving scheme Damaged status Not for loan Collection code Permanent Location Current Location Shelving location Date acquired Source of acquisition Total Checkouts Full call number Date last seen Copy number Koha item type
  Dewey Decimal Classification     Non-fiction Central Library, University of Rajshahi Central Library, University of Rajshahi   01/02/1973 Britain, Gift.   940.24 WAA 1965 20/03/2014 C-9 Books
  Dewey Decimal Classification     Non-fiction Central Library, University of Rajshahi Central Library, University of Rajshahi   01/02/1973 Britain, Gift.   940.24 WAA 1965 20/03/2014 C-10 Books